Expository messages on the epistle to the Galatian. (Record no. 17083)

000 -LEADER
fixed length control field 00513nam a2200169 a 4500
001 - CONTROL NUMBER
control field :::00020788$&:&@@
003 - CONTROL NUMBER IDENTIFIER
control field OkBaRHE
005 - DATE AND TIME OF LATEST TRANSACTION
control field 20030506152920.0
008 - FIXED-LENGTH DATA ELEMENTS--GENERAL INFORMATION
fixed length control field s1940 j 000 0 eng u
040 ## - CATALOGING SOURCE
Transcribing agency
100 1# - MAIN ENTRY--PERSONAL NAME
Personal name Ironside, H.A.
245 10 - TITLE STATEMENT
Title Expository messages on the epistle to the Galatian.
260 ## - PUBLICATION, DISTRIBUTION, ETC. (IMPRINT)
Place of publication, distribution, etc New York City, NY
Name of publisher, distributor, etc Loizeaux Brothers
Date of publication, distribution, etc 1940
300 ## - PHYSICAL DESCRIPTION
Extent 235 p.
942 ## - ADDED ENTRY ELEMENTS (KOHA)
Source of classification or shelving scheme
Koha item type Books
Copies
Permanent Location Barcode Damaged status Lost status Source of classification or shelving scheme Price effective from Copy number Date acquired Date last seen Shelving location Koha item type Not for loan Withdrawn status Full call number
RHEMA Bible Training College20788   2010-04-1412010-04-142018-04-03General StacksBooks  BS 2685 .I7